000
00160nam a22000857a 4500
082
_a
823
100
_a
JAMIE SUZANNE
245
_a
SVT AGAINST THE RULES
942
_c
BK
999
_c
8299
_d
8299